[Event "XXVII MISTRZOSTWA WOJEWÓDZTWA PODLASKIEGO JUNIORÓW DO LAT 14 - C14"]
[Site "Białystok, Poland"]
[Date "2025.05.31"]
[Round "6.1"]
[White "Chojnowski, Jakub"]
[Black "Choinski, Ignacy"]
[Result "0-1"]
[WhiteElo "1504"]
[BlackElo "1521"]

1. e4 {[%clk 00:30:59]} c6 {[%clk 00:30:58]} {[%emt 00:00:02]} 2. d4 {[%clk
00:31:14]} {[%emt 00:00:15]} d5 {[%clk 00:31:23]} {[%emt 00:00:06]} 3. exd5
{[%clk 00:31:12]} {[%emt 00:00:32]} cxd5 {[%clk 00:31:47]} {[%emt 00:00:05]} 4.
Bd3 {[%clk 00:31:39]} {[%emt 00:00:03]} Nc6 {[%clk 00:32:00]} {[%emt 00:00:18]}
5. c3 {[%clk 00:32:06]} {[%emt 00:00:03]} Nf6 {[%clk 00:32:23]} {[%emt
00:00:07]} 6. Nf3 {[%clk 00:31:47]} {[%emt 00:00:49]} Bg4 {[%clk 00:32:39]}
{[%emt 00:00:13]} 7. Be3 {[%clk 00:31:03]} {[%emt 00:01:14]} e6 {[%clk
00:32:46]} {[%emt 00:00:23]} 8. Nbd2 {[%clk 00:31:23]} {[%emt 00:00:10]} Bd6
{[%clk 00:32:42]} {[%emt 00:00:34]} 9. h3 {[%clk 00:31:37]} {[%emt 00:00:17]}
Bh5 {[%clk 00:33:06]} {[%emt 00:00:05]} 10. Qc2 {[%clk 00:31:32]} {[%emt
00:00:36]} a6 {[%clk 00:32:29]} {[%emt 00:01:07]} 11. O-O-O {[%clk 00:29:18]}
{[%emt 00:02:43]} Nb4 12. cxb4 {[%clk 00:27:05]} Rc8 {[%clk 00:32:24]} {[%emt
00:00:07]} 13. Nc4 {[%clk 00:27:27]} {[%emt 00:00:09]} dxc4 {[%clk 00:32:32]}
{[%emt 00:00:20]} 14. Be4 {[%clk 00:26:43]} {[%emt 00:01:16]} Rc7 {[%clk
00:31:15]} {[%emt 00:01:47]} 15. a3 {[%clk 00:26:30]} {[%emt 00:00:44]} Qc8
{[%clk 00:30:52]} {[%emt 00:00:52]} 16. Kb1 {[%clk 00:26:20]} {[%emt 00:00:40]}
Nxe4 {[%clk 00:30:50]} {[%emt 00:00:31]} 17. Qxe4 {[%clk 00:26:18]} {[%emt
00:00:32]} Bg6 {[%clk 00:31:10]} {[%emt 00:00:43]} 0-1

[Event "XXVII MISTRZOSTWA WOJEWÓDZTWA PODLASKIEGO JUNIORÓW DO LAT 14 - C14"]
[Site "Białystok, Poland"]
[Date "2025.05.31"]
[Round "6.2"]
[White "Gardocki, Michal"]
[Black "Boguszewski, Kacper"]
[Result "0-1"]
[WhiteElo "1469"]
[BlackElo "1689"]

1. e4 {[%clk 00:30:56]} {[%emt 00:00:03]} c5 {[%clk 00:30:59]} {[%emt
00:00:02]} 2. Nf3 {[%clk 00:31:18]} {[%emt 00:00:08]} d6 {[%clk 00:31:27]}
{[%emt 00:00:03]} 3. c3 {[%clk 00:31:39]} {[%emt 00:00:08]} Nf6 {[%clk
00:31:55]} {[%emt 00:00:02]} 4. Be2 {[%clk 00:31:35]} {[%emt 00:00:33]} g6
{[%clk 00:32:18]} {[%emt 00:00:07]} 5. O-O {[%clk 00:31:38]} {[%emt 00:00:27]}
Bg7 {[%clk 00:32:48]} 6. Qc2 {[%clk 00:31:52]} {[%emt 00:00:17]} O-O {[%clk
00:31:38]} {[%emt 00:01:40]} 7. d4 {[%clk 00:31:42]} {[%emt 00:00:38]} cxd4
{[%clk 00:31:56]} {[%emt 00:00:13]} 8. Nxd4 {[%clk 00:31:51]} {[%emt 00:00:20]}
a6 {[%clk 00:31:48]} {[%emt 00:00:39]} 9. Be3 {[%clk 00:31:55]} {[%emt
00:00:25]} b5 {[%clk 00:31:25]} {[%emt 00:00:54]} 10. f4 {[%clk 00:30:55]}
{[%emt 00:01:29]} Bb7 {[%clk 00:31:41]} {[%emt 00:00:14]} 11. Nd2 {[%clk
00:30:46]} {[%emt 00:00:38]} Nbd7 {[%clk 00:31:12]} {[%emt 00:01:01]} 12. g4
{[%clk 00:29:15]} {[%emt 00:02:00]} Nc5 {[%clk 00:31:05]} {[%emt 00:00:37]} 13.
Bf3 {[%clk 00:29:23]} {[%emt 00:00:22]} Qc7 {[%clk 00:27:23]} {[%emt 00:04:13]}
14. g5 {[%clk 00:28:20]} {[%emt 00:01:33]} Nfd7 {[%clk 00:27:20]} {[%emt
00:00:32]} 15. h4 {[%clk 00:25:59]} {[%emt 00:02:52]} e5 {[%clk 00:25:21]}
{[%emt 00:02:28]} 16. Ne2 {[%clk 00:26:17]} {[%emt 00:00:12]} exf4 {[%clk
00:24:03]} {[%emt 00:01:49]} 17. Nxf4 {[%clk 00:26:16]} {[%emt 00:00:30]} Ne5
{[%clk 00:24:03]} {[%emt 00:00:30]} 18. h5 {[%clk 00:25:57]} {[%emt 00:00:49]}
Qe7 {[%clk 00:23:32]} {[%emt 00:01:01]} 19. Nd5 {[%clk 00:25:08]} {[%emt
00:01:20]} Bxd5 {[%clk 00:23:12]} {[%emt 00:00:51]} 20. exd5 {[%clk 00:25:33]}
{[%emt 00:00:04]} Nxf3+ {[%clk 00:22:59]} {[%emt 00:00:43]} 21. Rxf3 {[%clk
00:25:56]} {[%emt 00:00:07]} Qe5 {[%clk 00:22:58]} {[%emt 00:00:25]} 22. h6
{[%clk 00:26:08]} {[%emt 00:00:23]} Bh8 {[%clk 00:23:22]} {[%emt 00:00:08]} 23.
Raf1 {[%clk 00:25:40]} {[%emt 00:00:57]} Qxd5 {[%clk 00:22:14]} {[%emt
00:01:38]} 24. b4 {[%clk 00:25:40]} {[%emt 00:00:30]} Nd7 {[%clk 00:21:54]}
{[%emt 00:00:50]} 25. Ne4 {[%clk 00:26:02]} {[%emt 00:00:07]} Rae8 {[%clk
00:21:51]} {[%emt 00:00:34]} 26. Nf6+ {[%clk 00:23:55]} {[%emt 00:02:37]} Bxf6
{[%clk 00:22:13]} {[%emt 00:00:07]} 27. gxf6 {[%clk 00:24:15]} {[%emt
00:00:11]} Ne5 {[%clk 00:22:23]} {[%emt 00:00:20]} 28. Rg3 {[%clk 00:23:16]}
{[%emt 00:01:29]} Nc4 {[%clk 00:21:50]} {[%emt 00:01:02]} 29. Bd4 {[%clk
00:22:55]} {[%emt 00:00:51]} Qe4 {[%clk 00:19:41]} {[%emt 00:02:36]} 30. Qc1
{[%clk 00:21:53]} {[%emt 00:01:36]} Re6 {[%clk 00:18:21]} {[%emt 00:01:48]} 31.
Qg5 {[%clk 00:21:38]} {[%emt 00:00:46]} Rfe8 {[%clk 00:16:45]} {[%emt
00:02:06]} 32. Qh5 {[%clk 00:18:59]} {[%emt 00:03:10]} Ne5 {[%clk 00:14:19]}
{[%emt 00:02:55]} 33. Qd1 {[%clk 00:18:29]} {[%emt 00:01:01]} Nc4 {[%clk
00:12:35]} {[%emt 00:02:14]} 34. Qh5 {[%clk 00:16:01]} {[%emt 00:02:57]} Kf8
{[%clk 00:11:12]} {[%emt 00:01:54]} 35. Qg5 {[%clk 00:12:18]} {[%emt 00:04:12]}
Ne5 {[%clk 00:08:19]} {[%emt 00:03:21]} 36. Qd2 {[%clk 00:11:09]} {[%emt
00:01:41]} Nc6 {[%clk 00:06:40]} {[%emt 00:02:08]} 37. Bb6 {[%clk 00:10:32]}
{[%emt 00:01:07]} Qh4 {[%clk 00:06:32]} {[%emt 00:00:36]} 38. Qf2 {[%clk
00:10:25]} {[%emt 00:00:40]} Re2 {[%clk 00:06:43]} {[%emt 00:00:18]} 39. Re3
{[%clk 00:08:54]} {[%emt 00:02:03]} Rxf2 {[%clk 00:06:42]} {[%emt 00:00:31]} 40.
Rxe8+ {[%clk 00:08:59]} {[%emt 00:00:24]} Kxe8 {[%clk 00:07:09]} {[%emt
00:00:04]} 41. Re1+ {[%clk 00:09:16]} {[%emt 00:00:13]} Ne5 {[%clk 00:07:28]}
{[%emt 00:00:10]} 42. Bxf2 {[%clk 00:09:38]} {[%emt 00:00:08]} Qxf6 {[%clk
00:07:45]} {[%emt 00:00:14]} 43. Bd4 {[%clk 00:09:59]} {[%emt 00:00:08]} Qg5+
{[%clk 00:08:03]} {[%emt 00:00:13]} 44. Kh2 {[%clk 00:10:20]} {[%emt 00:00:09]}
Qh4+ {[%clk 00:08:29]} {[%emt 00:00:04]} 0-1

[Event "XXVII MISTRZOSTWA WOJEWÓDZTWA PODLASKIEGO JUNIORÓW DO LAT 14 - C14"]
[Site "Białystok, Poland"]
[Date "2025.05.31"]
[Round "6.3"]
[White "Jasiulewicz, Kamil"]
[Black "Pawluczuk, Maciej"]
[Result "1-0"]
[WhiteElo "1658"]
[BlackElo "1427"]

1. d4 {[%clk 00:30:57]} {[%emt 00:00:02]} d5 {[%clk 00:30:55]} {[%emt
00:00:07]} 2. c4 {[%clk 00:31:24]} {[%emt 00:00:03]} c6 {[%clk 00:31:20]}
{[%emt 00:00:05]} 3. Nc3 {[%clk 00:31:50]} {[%emt 00:00:03]} Nf6 {[%clk
00:31:46]} {[%emt 00:00:05]} 4. Nf3 {[%clk 00:32:07]} {[%emt 00:00:13]} g6
{[%clk 00:32:10]} {[%emt 00:00:06]} 5. e3 {[%clk 00:32:28]} {[%emt 00:00:09]}
Bf5 {[%clk 00:32:34]} {[%emt 00:00:06]} 6. Be2 {[%clk 00:32:37]} {[%emt
00:00:21]} Bg7 {[%clk 00:32:54]} {[%emt 00:00:10]} 7. O-O {[%clk 00:32:57]}
{[%emt 00:00:09]} O-O {[%clk 00:33:17]} {[%emt 00:00:08]} 8. a3 {[%clk
00:33:23]} {[%emt 00:00:04]} Nbd7 {[%clk 00:33:28]} {[%emt 00:00:19]} 9. b4
{[%clk 00:33:43]} {[%emt 00:00:10]} Re8 {[%clk 00:33:32]} {[%emt 00:00:25]} 10.
Bb2 {[%clk 00:34:08]} {[%emt 00:00:05]} e5 {[%clk 00:33:16]} {[%emt 00:00:46]}
11. dxe5 {[%clk 00:34:21]} {[%emt 00:00:17]} Nxe5 {[%clk 00:33:06]} {[%emt
00:00:41]} 12. cxd5 {[%clk 00:34:41]} {[%emt 00:00:09]} Nxf3+ {[%clk 00:32:56]}
{[%emt 00:00:41]} 13. Bxf3 {[%clk 00:34:55]} {[%emt 00:00:16]} Nxd5 {[%clk
00:32:54]} {[%emt 00:00:32]} 14. Qb3 {[%clk 00:32:20]} {[%emt 00:03:04]} Nb6
{[%clk 00:31:49]} {[%emt 00:01:35]} 15. Rfd1 {[%clk 00:32:31]} {[%emt
00:00:19]} Qg5 {[%clk 00:31:57]} {[%emt 00:00:22]} 16. Ne2 {[%clk 00:32:11]}
{[%emt 00:00:51]} Bxb2 {[%clk 00:31:42]} {[%emt 00:00:45]} 17. Qxb2 {[%clk
00:32:39]} {[%emt 00:00:02]} Nc4 {[%clk 00:31:42]} {[%emt 00:00:29]} 18. Qd4
{[%clk 00:32:10]} {[%emt 00:00:59]} Ne5 {[%clk 00:32:05]} {[%emt 00:00:08]} 19.
Ng3 {[%clk 00:28:58]} {[%emt 00:03:42]} Nxf3+ {[%clk 00:31:14]} {[%emt
00:01:20]} 20. gxf3 {[%clk 00:29:23]} {[%emt 00:00:05]} Bh3 {[%clk 00:31:21]}
{[%emt 00:00:23]} 21. Kh1 {[%clk 00:29:09]} {[%emt 00:00:44]} h5 {[%clk
00:30:17]} {[%emt 00:01:33]} 22. Rg1 {[%clk 00:28:54]} {[%emt 00:00:46]} Rad8
{[%clk 00:30:19]} {[%emt 00:00:29]} 23. Qc3 {[%clk 00:28:14]} {[%emt 00:01:10]}
h4 {[%clk 00:30:17]} {[%emt 00:00:31]} 24. Ne4 {[%clk 00:27:24]} {[%emt
00:01:20]} Qf5 {[%clk 00:29:52]} {[%emt 00:00:56]} 25. Ng5 {[%clk 00:26:51]}
{[%emt 00:01:02]} Rd7 {[%clk 00:26:55]} {[%emt 00:03:25]} 26. e4 {[%clk
00:26:08]} {[%emt 00:01:15]} Bg2+ {[%clk 00:26:30]} {[%emt 00:00:56]} 27. Rxg2
{[%clk 00:26:21]} {[%emt 00:00:16]} Qf4 {[%clk 00:26:28]} {[%emt 00:00:30]} 28.
Qe3 {[%clk 00:26:19]} {[%emt 00:00:34]} Qe5 {[%clk 00:26:37]} {[%emt 00:00:19]}
29. Rag1 {[%clk 00:26:11]} {[%emt 00:00:39]} Kg7 {[%clk 00:26:37]} {[%emt
00:00:30]} 30. Rg4 {[%clk 00:25:29]} {[%emt 00:01:14]} h3 {[%clk 00:26:19]}
{[%emt 00:00:47]} 31. Rh4 {[%clk 00:24:56]} {[%emt 00:01:03]} Rh8 {[%clk
00:26:10]} {[%emt 00:00:37]} 32. Rxh8 {[%clk 00:25:02]} {[%emt 00:00:26]} Kxh8
{[%clk 00:26:35]} {[%emt 00:00:05]} 33. f4 {[%clk 00:24:45]} {[%emt 00:00:48]}
1-0

[Event "XXVII MISTRZOSTWA WOJEWÓDZTWA PODLASKIEGO JUNIORÓW DO LAT 14 - C14"]
[Site "Białystok, Poland"]
[Date "2025.05.31"]
[Round "7.2"]
[White "Boguszewski, Kacper"]
[Black "Jasiulewicz, Kamil"]
[Result "0-1"]
[WhiteElo "1689"]
[BlackElo "1658"]

1. e4 {[%clk 00:30:59]} {[%emt 00:00:01]} c5 {[%clk 00:30:50]} {[%emt
00:00:10]} 2. Nf3 {[%clk 00:31:27]} {[%emt 00:00:02]} Nc6 {[%clk 00:31:09]}
{[%emt 00:00:10]} 3. d4 {[%clk 00:31:55]} {[%emt 00:00:03]} cxd4 {[%clk
00:31:35]} {[%emt 00:00:04]} 4. Nxd4 {[%clk 00:32:22]} {[%emt 00:00:03]} Nf6
{[%clk 00:31:40]} {[%emt 00:00:25]} 5. Nc3 {[%clk 00:32:49]} {[%emt 00:00:03]}
g6 {[%clk 00:31:35]} {[%emt 00:00:34]} 6. Be3 {[%clk 00:33:15]} {[%emt
00:00:04]} Bg7 {[%clk 00:32:02]} {[%emt 00:00:03]} 7. Bc4 {[%clk 00:33:36]}
{[%emt 00:00:09]} a6 {[%clk 00:32:03]} {[%emt 00:00:30]} 8. O-O {[%clk
00:33:33]} {[%emt 00:00:32]} O-O {[%clk 00:32:10]} {[%emt 00:00:23]} 9. Bb3
{[%clk 00:33:59]} {[%emt 00:00:05]} Qc7 {[%clk 00:31:46]} {[%emt 00:00:54]} 10.
f4 {[%clk 00:34:00]} {[%emt 00:00:28]} d6 {[%clk 00:32:04]} {[%emt 00:00:12]}
11. h3 {[%clk 00:34:01]} {[%emt 00:00:29]} e5 {[%clk 00:31:14]} {[%emt
00:01:20]} 12. Nf3 {[%clk 00:33:48]} {[%emt 00:00:43]} b5 {[%clk 00:27:18]}
{[%emt 00:04:27]} 13. Nd5 {[%clk 00:30:34]} {[%emt 00:03:44]} Qd8 {[%clk
00:26:53]} {[%emt 00:00:46]} 14. fxe5 {[%clk 00:30:36]} {[%emt 00:00:38]} Nxe4
{[%clk 00:19:55]} {[%emt 00:07:26]} 15. exd6 {[%clk 00:28:12]} {[%emt
00:02:55]} Qxd6 {[%clk 00:18:09]} {[%emt 00:02:15]} 16. Ng5 {[%clk 00:23:18]}
{[%emt 00:05:25]} Qe5 {[%clk 00:16:05]} {[%emt 00:02:34]} 17. Nxe4 {[%clk
00:22:52]} {[%emt 00:00:56]} Qxe4 {[%clk 00:16:21]} {[%emt 00:00:14]} 18. Qf3
{[%clk 00:22:34]} {[%emt 00:00:47]} Qxf3 {[%clk 00:09:55]} {[%emt 00:06:56]} 19.
Rxf3 {[%clk 00:22:59]} {[%emt 00:00:06]} Nd4 {[%clk 00:10:08]} {[%emt
00:00:17]} 20. Nf6+ {[%clk 00:20:40]} {[%emt 00:02:49]} Bxf6 {[%clk 00:10:15]}
{[%emt 00:00:23]} 21. Rxf6 {[%clk 00:21:08]} {[%emt 00:00:02]} Nxb3 {[%clk
00:10:17]} {[%emt 00:00:28]} 22. cxb3 {[%clk 00:21:25]} {[%emt 00:00:13]} Re8
{[%clk 00:10:37]} {[%emt 00:00:10]} 23. Kf2 {[%clk 00:21:35]} {[%emt 00:00:19]}
Be6 {[%clk 00:10:51]} {[%emt 00:00:16]} 24. Rc1 {[%emt 00:00:57]} Rac8 {[%clk
00:11:05]} {[%emt 00:00:14]} 25. Re1 {[%clk 00:17:03]} {[%emt 00:04:37]} Red8
{[%clk 00:11:02]} {[%emt 00:00:33]} 26. Kf1 {[%clk 00:14:38]} {[%emt 00:02:55]}
Rc6 {[%clk 00:10:35]} {[%emt 00:00:58]} 27. Rf4 {[%clk 00:14:05]} {[%emt
00:00:57]} Rcd6 {[%clk 00:09:14]} {[%emt 00:01:57]} 28. Ke2 {[%clk 00:12:58]}
{[%emt 00:01:38]} Bf5 {[%clk 00:09:28]} {[%emt 00:00:15]} 29. Rc1 {[%clk
00:12:46]} {[%emt 00:00:40]} Re8 {[%clk 00:09:33]} {[%emt 00:00:26]} 30. g4
{[%clk 00:11:07]} {[%emt 00:02:09]} Be6 {[%clk 00:06:45]} {[%emt 00:03:19]} 31.
Rd1 {[%clk 00:09:19]} {[%emt 00:02:16]} Rc6 {[%clk 00:07:12]} {[%emt 00:00:05]}
32. Rfd4 {[%clk 00:09:33]} {[%emt 00:00:16]} f5 {[%clk 00:06:04]} {[%emt
00:01:38]} 33. Kf3 {[%clk 00:08:20]} {[%emt 00:01:43]} fxg4+ {[%clk 00:06:02]}
{[%emt 00:00:32]} 34. hxg4 {[%clk 00:08:42]} {[%emt 00:00:08]} Kg7 {[%clk
00:03:36]} {[%emt 00:02:55]} 35. Bf4 {[%clk 00:08:22]} {[%emt 00:00:50]} h5
{[%clk 00:02:59]} {[%emt 00:01:07]} 36. gxh5 {[%clk 00:05:55]} {[%emt
00:02:59]} gxh5 {[%clk 00:03:27]} 37. Kg3 {[%clk 00:06:13]} {[%emt 00:00:10]}
Kf6 {[%clk 00:03:36]} {[%emt 00:00:22]} 38. Rd8 {[%clk 00:05:01]} {[%emt
00:01:43]} Re7 {[%clk 00:02:03]} {[%emt 00:02:03]} 39. Kh4 {[%clk 00:04:38]}
{[%emt 00:00:46]} Rg7 {[%clk 00:02:07]} {[%emt 00:00:32]} 40. Rf1 {[%clk
00:02:47]} {[%emt 00:02:22]} Rg4+ {[%clk 00:01:54]} {[%emt 00:00:42]} 41. Kxh5
{[%clk 00:02:29]} {[%emt 00:00:48]} Rc5+ {[%clk 00:02:05]} {[%emt 00:00:20]} 42.
Bg5+ {[%clk 00:02:46]} {[%emt 00:00:13]} Kg7 {[%clk 00:02:19]} {[%emt
00:00:15]} 43. Rg8+ {[%clk 00:01:32]} {[%emt 00:01:45]} Kxg8 {[%clk 00:02:43]}
{[%emt 00:00:05]} 0-1

[Event "XXVII MISTRZOSTWA WOJEWÓDZTWA PODLASKIEGO JUNIORÓW DO LAT 14 - C14"]
[Site "Białystok, Poland"]
[Date "2025.05.31"]
[Round "7.3"]
[White "Choinski, Ignacy"]
[Black "Gardocki, Michal"]
[Result "1-0"]
[WhiteElo "1521"]
[BlackElo "1469"]

1. d4 {[%clk 00:30:57]} {[%emt 00:00:02]} d5 {[%clk 00:30:56]} {[%emt
00:00:05]} 2. c4 {[%clk 00:31:23]} {[%emt 00:00:04]} e6 {[%clk 00:31:24]}
{[%emt 00:00:03]} 3. Nc3 {[%clk 00:31:49]} {[%emt 00:00:03]} Nf6 {[%clk
00:31:49]} {[%emt 00:00:05]} 4. Bg5 {[%clk 00:32:15]} {[%emt 00:00:04]} c6
{[%clk 00:32:06]} {[%emt 00:00:14]} 5. e3 {[%clk 00:32:23]} {[%emt 00:00:21]}
Nbd7 {[%clk 00:32:31]} {[%emt 00:00:04]} 6. Nf3 {[%clk 00:32:39]} {[%emt
00:00:14]} Qa5 {[%clk 00:32:58]} {[%emt 00:00:04]} 7. a3 {[%clk 00:32:46]}
{[%emt 00:00:23]} Ne4 {[%clk 00:33:17]} {[%emt 00:00:10]} 8. b4 {[%clk
00:31:44]} {[%emt 00:01:32]} Bxb4 {[%clk 00:33:15]} {[%emt 00:00:34]} 9. axb4
{[%clk 00:31:16]} {[%emt 00:00:57]} Qxb4 {[%clk 00:33:39]} {[%emt 00:00:05]} 10.
Rc1 {[%clk 00:31:35]} {[%emt 00:00:11]} Nxc3 {[%clk 00:33:48]} {[%emt
00:00:21]} 11. Qd2 {[%clk 00:31:53]} {[%emt 00:00:13]} Na2 {[%clk 00:34:16]}
{[%emt 00:00:03]} 12. Qxb4 {[%clk 00:31:56]} {[%emt 00:00:26]} Nxb4 {[%clk
00:34:42]} {[%emt 00:00:05]} 13. Rb1 {[%clk 00:31:14]} {[%emt 00:01:11]} Na6
{[%clk 00:34:31]} {[%emt 00:00:41]} 14. cxd5 {[%clk 00:31:15]} {[%emt
00:00:29]} cxd5 {[%clk 00:34:50]} {[%emt 00:00:10]} 15. Bxa6 {[%clk 00:31:34]}
{[%emt 00:00:11]} bxa6 {[%clk 00:35:14]} {[%emt 00:00:06]} 16. O-O {[%clk
00:31:48]} {[%emt 00:00:16]} O-O {[%clk 00:35:27]} {[%emt 00:00:17]} 17. Be7
{[%clk 00:31:11]} {[%emt 00:01:08]} Re8 {[%clk 00:35:49]} {[%emt 00:00:07]} 18.
Bd6 {[%clk 00:31:32]} {[%emt 00:00:09]} Nb6 {[%clk 00:36:11]} {[%emt 00:00:08]}
19. Ne5 {[%clk 00:31:18]} {[%emt 00:00:45]} f6 {[%clk 00:36:17]} {[%emt
00:00:24]} 20. Nc6 {[%clk 00:31:12]} {[%emt 00:00:35]} Bd7 {[%clk 00:36:30]}
{[%emt 00:00:18]} 21. Na5 {[%clk 00:31:23]} {[%emt 00:00:18]} Bb5 {[%clk
00:36:47]} {[%emt 00:00:13]} 22. Rfc1 {[%clk 00:30:21]} {[%emt 00:01:18]} Rec8
{[%clk 00:36:55]} {[%emt 00:00:36]} 23. Rc5 {[%clk 00:29:26]} {[%emt 00:01:25]}
Nc4 {[%clk 00:36:03]} {[%emt 00:01:23]} 24. Nxc4 {[%clk 00:29:29]} {[%emt
00:00:27]} dxc4 {[%clk 00:36:28]} {[%emt 00:00:05]} 25. f3 {[%clk 00:29:14]}
{[%emt 00:00:44]} Rc6 {[%clk 00:36:18]} {[%emt 00:00:41]} 26. Rxc6 {[%clk
00:27:43]} {[%emt 00:02:01]} Bxc6 {[%clk 00:36:35]} {[%emt 00:00:13]} 27. Bc5
{[%clk 00:26:15]} {[%emt 00:01:59]} Kf7 {[%clk 00:36:35]} {[%emt 00:00:29]} 28.
Kf2 {[%clk 00:26:19]} {[%emt 00:00:25]} Ke8 {[%clk 00:37:00]} {[%emt 00:00:05]}
29. Ke1 {[%clk 00:25:31]} {[%emt 00:01:19]} Kd7 {[%clk 00:37:25]} {[%emt
00:00:05]} 30. Kd2 {[%clk 00:25:52]} {[%emt 00:00:08]} Kc8 {[%clk 00:37:24]}
{[%emt 00:00:31]} 31. Kc3 {[%clk 00:23:37]} {[%emt 00:02:44]} Bb5 {[%clk
00:37:48]} {[%emt 00:00:08]} 32. Bf8 {[%clk 00:24:00]} {[%emt 00:00:06]} g6
{[%clk 00:38:05]} {[%emt 00:00:13]} 33. Be7 {[%clk 00:24:04]} {[%emt 00:00:25]}
f5 {[%clk 00:38:30]} {[%emt 00:00:05]} 34. Bc5 {[%clk 00:23:49]} {[%emt
00:00:46]} Kd7 {[%clk 00:38:48]} {[%emt 00:00:13]} 35. Ra1 {[%clk 00:23:23]}
{[%emt 00:00:54]} Kc6 {[%clk 00:38:58]} {[%emt 00:00:22]} 36. Ra2 {[%clk
00:21:30]} {[%emt 00:02:22]} Kd5 {[%clk 00:39:02]} {[%emt 00:00:26]} 37. Bb4
{[%clk 00:19:58]} {[%emt 00:02:02]} e5 {[%emt 00:01:56]} 38. Rd2 {[%clk
00:19:21]} e4 {[%clk 00:38:45]} {[%emt 00:00:29]} 39. f4 {[%emt 00:01:57]} Rg8
{[%clk 00:38:55]} 40. h4 {[%clk 00:18:13]} {[%emt 00:00:30]} h6 {[%clk
00:39:04]} {[%emt 00:00:21]} 41. g3 {[%clk 00:17:27]} {[%emt 00:01:17]} g5
{[%clk 00:39:17]} {[%emt 00:00:17]} 42. hxg5 {[%clk 00:17:47]} {[%emt
00:00:10]} hxg5 {[%clk 00:39:31]} {[%emt 00:00:15]} 43. Rh2 {[%clk 00:18:05]}
{[%emt 00:00:12]} Rg6 {[%clk 00:39:32]} {[%emt 00:00:30]} 44. fxg5 {[%clk
00:17:14]} {[%emt 00:01:21]} Be8 {[%clk 00:39:53]} {[%emt 00:00:09]} 45. Rh8
{[%clk 00:12:56]} {[%emt 00:04:47]} Bf7 {[%clk 00:40:03]} {[%emt 00:00:20]} 46.
Rh7 {[%clk 00:10:43]} {[%emt 00:02:42]} Be8 {[%clk 00:40:19]} {[%emt 00:00:15]}
47. Re7 {[%clk 00:10:33]} {[%emt 00:00:38]} Bb5 {[%clk 00:40:36]} {[%emt
00:00:15]} 48. Re5+ {[%clk 00:10:25]} {[%emt 00:00:36]} Kc6 {[%clk 00:40:52]}
{[%emt 00:00:10]} 49. Rxf5 {[%clk 00:09:40]} {[%emt 00:01:21]} Kd7 {[%clk
00:41:13]} {[%emt 00:00:07]} 50. Bf8 {[%clk 00:07:21]} {[%emt 00:02:47]} Ke6
{[%clk 00:40:48]} {[%emt 00:00:58]} 51. g4 {[%clk 00:07:11]} {[%emt 00:00:42]}
Kd7 {[%clk 00:40:40]} {[%emt 00:00:34]} 52. Bh6 {[%clk 00:07:34]} {[%emt
00:00:09]} Ke6 {[%clk 00:40:40]} {[%emt 00:00:30]} 53. Re5+ {[%clk 00:06:46]}
{[%emt 00:01:19]} Kd7 {[%clk 00:41:06]} {[%emt 00:00:04]} 54. Rxe4 {[%clk
00:07:01]} {[%emt 00:00:16]} a5 {[%clk 00:41:31]} {[%emt 00:00:05]} 55. Re5
{[%clk 00:06:41]} {[%emt 00:00:49]} a6 {[%clk 00:41:51]} {[%emt 00:00:11]} 56.
Bf8 {[%clk 00:06:46]} {[%emt 00:00:23]} Kd8 {[%clk 00:41:41]} {[%emt 00:00:42]}
57. Ba3 {[%clk 00:06:34]} {[%emt 00:00:41]} Kd7 {[%clk 00:41:51]} {[%emt
00:00:19]} 58. d5 {[%clk 00:06:48]} {[%emt 00:00:17]} Rg8 {[%clk 00:42:03]}
{[%emt 00:00:16]} 59. e4 {[%clk 00:06:41]} {[%emt 00:00:40]} Rh8 {[%clk
00:42:25]} {[%emt 00:00:08]} 60. Re7+ {[%clk 00:06:01]} {[%emt 00:01:09]} Kd8
{[%clk 00:42:43]} {[%emt 00:00:12]} 61. Kd4 {[%clk 00:05:44]} {[%emt 00:00:48]}
Rh3 {[%clk 00:42:55]} {[%emt 00:00:16]} 62. Bd6 {[%clk 00:05:07]} {[%emt
00:01:09]} c3 {[%clk 00:43:13]} {[%emt 00:00:12]} 63. Rc7 {[%clk 00:04:45]}
{[%emt 00:00:52]} Rd3+ {[%clk 00:43:21]} {[%emt 00:00:22]} 64. Ke5 {[%clk
00:04:51]} {[%emt 00:00:24]} Ba4 {[%clk 00:43:33]} {[%emt 00:00:18]} 65. Ke6
{[%clk 00:04:54]} {[%emt 00:00:26]} c2 {[%clk 00:43:55]} {[%emt 00:00:08]} 66.
Bf4 {[%clk 00:04:16]} {[%emt 00:01:08]} Rf3 {[%clk 00:43:54]} {[%emt 00:00:29]}
67. Be5 {[%clk 00:04:07]} {[%emt 00:00:41]} Rf1 {[%clk 00:42:14]} {[%emt
00:02:10]} 68. g6 {[%emt 00:03:28]} Be8 {[%clk 00:39:52]} {[%emt 00:01:17]} 69.
Rxc2 {[%clk 00:02:36]} {[%emt 00:00:39]} Bxg6 {[%clk 00:40:08]} {[%emt
00:00:12]} 70. Bf6+ {[%clk 00:02:36]} {[%emt 00:00:31]} Rxf6+ {[%emt 00:00:30]}
71. Kxf6 {[%clk 00:02:57]} {[%emt 00:00:02]} Bxe4 {[%clk 00:40:40]} {[%emt
00:00:05]} 72. Rc5 {[%clk 00:02:51]} {[%emt 00:00:36]} a4 {[%clk 00:41:00]}
{[%emt 00:00:11]} 73. Ra5 {[%clk 00:03:04]} {[%emt 00:00:16]} Ke8 {[%clk
00:39:59]} {[%emt 00:01:32]} 74. Rxa4 {[%clk 00:03:11]} {[%emt 00:00:23]} Bxd5
{[%clk 00:40:22]} {[%emt 00:00:07]} 75. Rxa6 {[%clk 00:03:33]} {[%emt
00:00:08]} Kf8 {[%clk 00:40:49]} {[%emt 00:00:02]} 76. Rd6 {[%clk 00:03:45]}
{[%emt 00:00:18]} 1-0